Library Logo

Pioneer International University Library Catalogue

Ross and Wilson anatomy and physiology in health and illness (Record no. 2007)

MARC details
000 -LEADER
fixed length control field 00301nam a22000977a 4500
005 - DATE AND TIME OF LATEST TRANSACTION
control field 20250901165319.0
008 - FIXED-LENGTH DATA ELEMENTS--GENERAL INFORMATION
fixed length control field 210309b ||||| |||| 00| 0 eng d
050 ## - LIBRARY OF CONGRESS CALL NUMBER
Classification number RT69
245 ## - TITLE STATEMENT
Title Ross and Wilson anatomy and physiology in health and illness
Statement of responsibility, etc. WAUGH, ANNE
942 ## - ADDED ENTRY ELEMENTS (KOHA)
Source of classification or shelving scheme Library of Congress Classification
Classification part RT69 .W38 2006
Holdings
Withdrawn status Lost status Source of classification or shelving scheme Damaged status Not for loan Home library Current library Shelving location Date acquired Total checkouts Full call number Barcode Date last seen Price effective from Koha item type
    Library of Congress Classification     Main Library Main Library   03/09/2021   RT69 .W38 2006 PIU0000135 03/09/2021 03/09/2021 Books